[Event "Groningen Chess Festival 2010 - Open"]
[Site "Groningen NED"]
[Date "2010.12.21"]
[Round "1.1"]
[White "Shiven, Khosla"]
[Black "Baklan, Vladimir"]
[Result "1/2-1/2"]
[WhiteElo "2354"]
[BlackElo "2613"]
[PlyCount "98"]
[EventDate "2010.12.21"]
[EventType "swiss"]
[EventRounds "9"]
[EventCountry "NED"]
[Source "lmi"]
[SourceDate "2010.12.21"]

1. e4 c5 2. Nf3 a6 3. c3 d6 4. d4 Qc7 5. Bd3 g6 6. O-O Bg7 7. Be3 Nf6 8. Nbd2
O-O 9. h3 Nbd7 10. Re1 Nh5 11. a4 b6 12. Nf1 e5 13. Rc1 Bb7 14. N1d2 d5 15.
dxe5 Nxe5 16. Nxe5 Bxe5 17. exd5 Bxd5 18. Be4 Nf6 19. Bxd5 Nxd5 20. Nc4 Nxe3
21. Nxe3 Rad8 22. Qf3 Bh2+ 23. Kh1 Bf4 24. Rcd1 Bxe3 25. Rxe3 Rxd1+ 26. Qxd1
Rd8 27. Rd3 Re8 28. Re3 Rxe3 29. fxe3 Kg7 30. Qd3 a5 31. Kg1 Qc6 32. Qc4 Qf6
33. Qd3 Qe6 34. c4 Qf6 35. b3 h5 36. Qd1 h4 37. Qd3 Qb2 38. Qd1 Qe5 39. Qd3 Kh6
40. Kf2 f5 41. Qd2 Kh5 42. Qd1+ Kg5 43. Qd8+ Qf6 44. Qd5 Qe7 45. e4 Qxe4 46.
Qd8+ Kh5 47. Qh8+ Kg5 48. Qd8+ Kh6 49. Qh8+ Kg5 1/2-1/2

[Event "Groningen Chess Festival 2010 - Open"]
[Site "Groningen NED"]
[Date "2010.12.21"]
[Round "1.2"]
[White "Gupta, Abhijeet"]
[Black "Kantans, Toms"]
[Result "1-0"]
[WhiteElo "2600"]
[BlackElo "2342"]
[PlyCount "105"]
[EventDate "2010.12.21"]
[EventType "swiss"]
[EventRounds "9"]
[EventCountry "NED"]
[Source "lmi"]
[SourceDate "2010.12.21"]

1. d4 Nf6 2. c4 g6 3. Nc3 d5 4. Bg5 Ne4 5. Bh4 c5 6. cxd5 Nxc3 7. bxc3 Qxd5 8.
e3 Nc6 9. Nf3 cxd4 10. cxd4 e5 11. Be2 Bb4+ 12. Kf1 O-O 13. a3 Bc3 14. Rc1 Bb2
15. Rc5 Qd6 16. Nxe5 Nxd4 17. exd4 Bxd4 18. Be7 Qxe7 19. Qxd4 Rd8 20. Qe3 b6
21. Nc6 Qxc5 22. Qxc5 bxc5 23. Nxd8 Bd7 24. Nxf7 Kxf7 25. Bc4+ Be6 26. Bxe6+
Kxe6 27. Ke2 Rb8 28. Rc1 Rb2+ 29. Ke3 Kd5 30. Rd1+ Kc6 31. g4 a5 32. f4 Rxh2
33. f5 gxf5 34. gxf5 Rh6 35. Ke4 Rd6 36. Rh1 Rd7 37. f6 c4 38. Ke5 Kb5 39. Ke6
Rc7 40. f7 Rc6+ 41. Ke7 Rc7+ 42. Kf6 Rc8 43. Rh5+ Ka4 44. Rc5 Rb8 45. Re5 c3
46. Re4+ Kb3 47. Re8 Rb6+ 48. Kf5 Rb5+ 49. Ke4 c2 50. Rc8 Kxa3 51. f8=Q+ Kb2
52. Qf6+ Kb3 53. Qc3+ 1-0

[Event "Groningen Chess Festival 2010 - Open"]
[Site "Groningen NED"]
[Date "2010.12.21"]
[Round "1.3"]
[White "Krause, Ullrich"]
[Black "Ernst, Sipke"]
[Result "0-1"]
[WhiteElo "2308"]
[BlackElo "2590"]
[PlyCount "128"]
[EventDate "2010.12.21"]
[EventType "swiss"]
[EventRounds "9"]
[EventCountry "NED"]
[Source "lmi"]
[SourceDate "2010.12.21"]

1. d4 Nf6 2. c4 e6 3. g3 d5 4. Bg2 dxc4 5. Nf3 a6 6. O-O Nc6 7. e3 Bd7 8. Ne5
Nxe5 9. dxe5 Nd5 10. Nc3 Nxc3 11. bxc3 Rb8 12. Qg4 h5 13. Qf4 g5 14. Qe4 Ba4
15. f4 Qd3 16. Rb1 c6 17. fxg5 Qxe4 18. Bxe4 Bc5 19. Rb2 Ke7 20. Kg2 h4 21. Rf4
h3+ 22. Kf1 Rhg8 23. Rbf2 Rbf8 24. g6 fxg6 25. Rxf8 Rxf8 26. Rxf8 Kxf8 27. Bxg6
Bd1 28. Be4 Kg7 29. Kf2 Kh6 30. Bf3 Bxf3 31. Kxf3 Bb6 32. Kg4 Bc7 33. e4+ Kg6
34. Bf4 Ba5 35. Bd2 b5 36. Kxh3 c5 37. a3 Bc7 38. Bf4 a5 39. Kg4 b4 40. a4 Bxe5
41. cxb4 Bxf4 42. Kxf4 cxb4 43. Ke3 b3 44. Kd2 b2 45. Kc2 c3 46. Kb1 Kf6 47. h4
Ke5 48. h5 Kxe4 49. h6 Kd3 50. h7 c2+ 51. Kxb2 Kd2 52. h8=Q c1=Q+ 53. Kb3 Qc2+
54. Ka3 Qc5+ 55. Ka2 Qc2+ 56. Ka3 Qc5+ 57. Ka2 Qc4+ 58. Ka3 Qb4+ 59. Ka2 Qxa4+
60. Kb2 Qc2+ 61. Ka3 Qc3+ 62. Qxc3+ Kxc3 63. Ka4 Kd3 64. Kxa5 e5 0-1

[Event "Groningen Chess Festival 2010 - Open"]
[Site "Groningen NED"]
[Date "2010.12.21"]
[Round "1.5"]
[White "Afek, Yochanan"]
[Black "Andriasian, Zaven"]
[Result "0-1"]
[WhiteElo "2238"]
[BlackElo "2585"]
[PlyCount "60"]
[EventDate "2010.12.21"]
[EventType "swiss"]
[EventRounds "9"]
[EventCountry "NED"]
[Source "lmi"]
[SourceDate "2010.12.21"]

1. e4 c5 2. c3 Nf6 3. e5 Nd5 4. Nf3 Nc6 5. d4 cxd4 6. cxd4 d6 7. Bc4 Nb6 8. Bb5
dxe5 9. Nxe5 Bd7 10. Nc3 Nxe5 11. dxe5 Bxb5 12. Qxd8+ Rxd8 13. Nxb5 e6 14. Nc3
a6 15. Ke2 Bb4 16. f4 Bxc3 17. bxc3 Kd7 18. Be3 Na4 19. Bd4 Rc8 20. Rad1 Rc4
21. Rd3 Kc6 22. Rf1 g6 23. g4 h5 24. Rh3 b5 25. f5 b4 26. fxg6 fxg6 27. Kd3 Kd5
28. Rf7 Rd8 29. Kc2 bxc3 30. Bb6 Kxe5 0-1

[Event "Groningen Chess Festival 2010 - Open"]
[Site "Groningen NED"]
[Date "2010.12.21"]
[Round "1.6"]
[White "Nijboer, Friso"]
[Black "Heemskerk, Wim"]
[Result "1/2-1/2"]
[WhiteElo "2583"]
[BlackElo "2263"]
[PlyCount "47"]
[EventDate "2010.12.21"]
[EventType "swiss"]
[EventRounds "9"]
[EventCountry "NED"]
[Source "lmi"]
[SourceDate "2010.12.21"]

1. e4 e6 2. d4 d5 3. Nc3 Bb4 4. e5 Ne7 5. a3 Bxc3+ 6. bxc3 b6 7. Qg4 Ng6 8. h4
h5 9. Qd1 Qd7 10. Bg5 Ba6 11. Bxa6 Nxa6 12. Ne2 Qc6 13. Qd3 Qc4 14. Qf3 c5 15.
O-O Rc8 16. Rfd1 Nb8 17. Ng3 Nc6 18. Nxh5 Rh7 19. Nf4 Nxf4 20. Qxf4 Qxc3 21.
dxc5 Qxe5 22. Qa4 bxc5 23. Bf4 Qe2 24. Rd2 1/2-1/2

[Event "Groningen Chess Festival 2010 - Open"]
[Site "Groningen NED"]
[Date "2010.12.21"]
[Round "1.7"]
[White "Hess, Christian"]
[Black "Werle, Jan"]
[Result "0-1"]
[WhiteElo "2256"]
[BlackElo "2578"]
[PlyCount "80"]
[EventDate "2010.12.21"]
[EventType "swiss"]
[EventRounds "9"]
[EventCountry "NED"]
[Source "lmi"]
[SourceDate "2010.12.21"]

1. Nf3 Nf6 2. c4 b6 3. g3 Bb7 4. Bg2 e6 5. O-O c5 6. Nc3 Be7 7. b3 d5 8. e3
dxc4 9. bxc4 O-O 10. Qe2 Nc6 11. Bb2 Qc7 12. Rfd1 Rac8 13. Rac1 Qb8 14. d3 Rfd8
15. Ne1 a6 16. f4 Ne8 17. Nf3 Nd6 18. Na4 Qa7 19. Ba1 Bf8 20. Qb2 Nf5 21. Qxb6
Nxe3 22. Rb1 Qxb6 23. Nxb6 Rb8 24. Ne5 Nxe5 25. Bxe5 Bxg2 26. Bxb8 Nxd1 27. Bc7
Rxd3 28. Kxg2 Rd2+ 29. Kf1 Ne3+ 30. Ke1 Rxh2 31. Rb3 Nc2+ 32. Kd1 f6 33. Nd7
Be7 34. Bb6 e5 35. Bxc5 e4 36. Bxe7 e3 37. Rb8+ Kf7 38. Bb4 e2+ 39. Kc1 Nxb4
40. Rf8+ Ke7 0-1

[Event "Groningen Chess Festival 2010 - Open"]
[Site "Groningen NED"]
[Date "2010.12.21"]
[Round "1.8"]
[White "Bojkov, Dejan"]
[Black "Stjazhkina, Olga"]
[Result "1-0"]
[WhiteElo "2542"]
[BlackElo "2240"]
[PlyCount "41"]
[EventDate "2010.12.21"]
[EventType "swiss"]
[EventRounds "9"]
[EventCountry "NED"]
[Source "lmi"]
[SourceDate "2010.12.21"]

1. e4 e5 2. Nf3 Nc6 3. Bc4 Bc5 4. O-O Nf6 5. d3 d6 6. c3 a6 7. Bb3 Ba7 8. Nbd2
O-O 9. Nc4 Ne7 10. Bg5 h6 11. Bxf6 gxf6 12. Nh4 f5 13. Qh5 fxe4 14. Qxh6 exd3
15. Rae1 Nf5 16. Nxf5 Bxf5 17. Ne3 Bxe3 18. Rxe3 d5 19. Rxe5 Bg6 20. Rxd5 Qf6
21. Rg5 1-0

[Event "Groningen Chess Festival 2010 - Open"]
[Site "Groningen NED"]
[Date "2010.12.21"]
[Round "1.9"]
[White "Lyell, Mark"]
[Black "Rotstein, Arkadij"]
[Result "0-1"]
[WhiteElo "2210"]
[BlackElo "2538"]
[PlyCount "48"]
[EventDate "2010.12.21"]
[EventType "swiss"]
[EventRounds "9"]
[EventCountry "NED"]
[Source "lmi"]
[SourceDate "2010.12.21"]

1. e4 c5 2. Nc3 Nc6 3. Bb5 Nd4 4. Bc4 e6 5. Nge2 Nf6 6. O-O d6 7. d3 Nxe2+ 8.
Qxe2 Be7 9. f4 O-O 10. e5 Ne8 11. Bd2 Nc7 12. a4 b6 13. Rfe1 d5 14. Ba2 a6 15.
Qg4 b5 16. Re3 f5 17. exf6 Bxf6 18. Rh3 Qe8 19. Nd1 bxa4 20. Bc3 Rb8 21. Bxf6
Rxf6 22. Qg5 Rf5 23. Qh4 h6 24. g4 Rf8 0-1

[Event "Groningen Chess Festival 2010 - Open"]
[Site "Groningen NED"]
[Date "2010.12.21"]
[Round "1.10"]
[White "Prohaszka, Peter"]
[Black "Aronov, Igor"]
[Result "1-0"]
[WhiteElo "2536"]
[BlackElo "2207"]
[PlyCount "119"]
[EventDate "2010.12.21"]
[EventType "swiss"]
[EventRounds "9"]
[EventCountry "NED"]
[Source "lmi"]
[SourceDate "2010.12.21"]

1. d4 d5 2. Nf3 Nc6 3. c4 Bg4 4. Nc3 e6 5. cxd5 exd5 6. Bf4 Bd6 7. Bxd6 Qxd6 8.
e3 Nf6 9. Be2 O-O 10. Qb3 Rfe8 11. O-O Ne4 12. Rfe1 Nxc3 13. bxc3 Rab8 14. Qc2
Ne7 15. c4 dxc4 16. Qxc4 Be6 17. Qa4 Ng6 18. Qxa7 Bd5 19. Qc5 Qxc5 20. dxc5 Ra8
21. Nd4 Rxa2 22. Rxa2 Bxa2 23. Nb5 h6 24. Ra1 Bb3 25. Ra3 Bc2 26. Rc3 Ba4 27.
Nxc7 Re5 28. Bf3 Bc6 29. Bxc6 bxc6 30. f3 Nf8 31. Kf2 Re7 32. Na6 Rb7 33. Rc4
Ne6 34. Nb4 Rb5 35. Nxc6 Nxc5 36. Nd4 Ra5 37. g4 Nd3+ 38. Ke2 Ne5 39. Rc2 Ng6
40. f4 Ra4 41. Nf3 Ra7 42. h4 Ne7 43. h5 g6 44. hxg6 Nxg6 45. Nd4 Ne7 46. Kf3
Kg7 47. Ke4 Kg6 48. Rb2 Ra6 49. Rb7 Ng8 50. Nf5 Nf6+ 51. Kf3 h5 52. Nh4+ Kg7
53. g5 Ng4 54. g6 Rf6 55. f5 Kg8 56. Kf4 fxg6 57. Nxg6 Rf7 58. Rxf7 Kxf7 59.
Ne5+ Nxe5 60. Kxe5 1-0

[Event "Groningen Chess Festival 2010 - Open"]
[Site "Groningen NED"]
[Date "2010.12.21"]
[Round "1.11"]
[White "Donchenko, Alexander"]
[Black "Nyzhnyk, Illya"]
[Result "0-1"]
[WhiteElo "2207"]
[BlackElo "2535"]
[PlyCount "52"]
[EventDate "2010.12.21"]
[EventType "swiss"]
[EventRounds "9"]
[EventCountry "NED"]
[Source "lmi"]
[SourceDate "2010.12.21"]

1. d4 Nf6 2. Nf3 g6 3. g3 Bg7 4. Bg2 O-O 5. O-O d6 6. c4 Nc6 7. Nc3 Bg4 8. Ne1
Qc8 9. Nc2 Bh3 10. e4 Bxg2 11. Kxg2 Nd7 12. Be3 a5 13. Qd2 e5 14. d5 Ne7 15. b3
f5 16. f3 f4 17. Bg1 h5 18. a3 g5 19. b4 Ng6 20. c5 Nf6 21. cxd6 cxd6 22. Na4
g4 23. Ne1 gxf3+ 24. Nxf3 Qg4 25. Qe1 fxg3 26. Qxg3 Nxe4 0-1

[Event "Groningen Chess Festival 2010 - Open"]
[Site "Groningen NED"]
[Date "2010.12.21"]
[Round "1.12"]
[White "Romanishin, Oleg M"]
[Black "Partenheimer, Axel"]
[Result "1-0"]
[WhiteElo "2534"]
[BlackElo "2201"]
[PlyCount "31"]
[EventDate "2010.12.21"]
[EventType "swiss"]
[EventRounds "9"]
[EventCountry "NED"]
[Source "lmi"]
[SourceDate "2010.12.21"]

1. Nf3 c5 2. e4 e6 3. d3 d5 4. Qe2 dxe4 5. dxe4 Nc6 6. c3 Nf6 7. g3 Be7 8. Bg2
b6 9. O-O Bb7 10. Rd1 Qc8 11. e5 Nd7 12. Na3 O-O 13. Nb5 Rd8 14. Bg5 Bxg5 15.
Nd6 Qc7 16. Nxg5 1-0

[Event "Groningen Chess Festival 2010 - Open"]
[Site "Groningen NED"]
[Date "2010.12.21"]
[Round "1.13"]
[White "Jacoby, Gisbert"]
[Black "Brandenburg, Daan"]
[Result "0-1"]
[WhiteElo "2185"]
[BlackElo "2515"]
[PlyCount "58"]
[EventDate "2010.12.21"]
[EventType "swiss"]
[EventRounds "9"]
[EventCountry "NED"]
[Source "lmi"]
[SourceDate "2010.12.21"]

1. d4 d5 2. c4 dxc4 3. e3 Nf6 4. Bxc4 e6 5. Nf3 a6 6. O-O c5 7. Bb3 b5 8. a4 b4
9. Nbd2 Bb7 10. a5 Be7 11. Nc4 O-O 12. Nfe5 Nc6 13. Nb6 Ra7 14. Ba4 Qc7 15.
Bxc6 Bxc6 16. Nxc6 Qxc6 17. dxc5 Qxc5 18. Qe2 Qe5 19. Rd1 h5 20. Rd4 Bc5 21.
Rc4 Rd8 22. Bd2 Qxb2 23. Rd1 Bxb6 24. axb6 Rad7 25. Rd4 Rxd4 26. exd4 Qxd4 27.
Qxa6 Ne4 28. Qa1 Qxf2+ 29. Kh1 Qxb6 0-1

[Event "Groningen Chess Festival 2010 - Open"]
[Site "Groningen NED"]
[Date "2010.12.21"]
[Round "1.14"]
[White "Lobzhanidze, Davit"]
[Black "Lambrechts, Koen"]
[Result "1-0"]
[WhiteElo "2496"]
[BlackElo "2174"]
[PlyCount "44"]
[EventDate "2010.12.21"]
[EventType "swiss"]
[EventRounds "9"]
[EventCountry "NED"]
[Source "lmi"]
[SourceDate "2010.12.21"]

1. e4 c6 2. d4 d5 3. e5 Bf5 4. Nf3 e6 5. Be2 c5 6. Be3 Qb6 7. Nc3 Nc6 8. Rb1
cxd4 9. Nxd4 Nxd4 10. Bxd4 Bc5 11. Bxc5 Qxc5 12. Nb5 Ne7 13. Nd6+ Kf8 14. Nxf5
Nxf5 15. O-O g6 16. Bd3 Kg7 17. Qf3 Rhe8 18. Rfe1 Rac8 19. Qf4 Qd4 20. Qd2 a6
21. c3 Qc5 22. Bxf5 exf5 1-0

[Event "Groningen Chess Festival 2010 - Open"]
[Site "Groningen NED"]
[Date "2010.12.21"]
[Round "1.15"]
[White "Ootes, Lennart"]
[Black "Pruijssers, Roeland"]
[Result "1-0"]
[WhiteElo "2173"]
[BlackElo "2487"]
[PlyCount "75"]
[EventDate "2010.12.21"]
[EventType "swiss"]
[EventRounds "9"]
[EventCountry "NED"]
[Source "lmi"]
[SourceDate "2010.12.21"]

1. e4 e5 2. Nf3 Nc6 3. Bb5 a6 4. Ba4 Nf6 5. d3 b5 6. Bb3 Be7 7. c3 O-O 8. Nbd2
d6 9. Nf1 Na5 10. Bc2 c5 11. Ng3 Qc7 12. O-O Nc6 13. h3 Rd8 14. Nh2 d5 15. Qe2
Be6 16. Ng4 Nxg4 17. hxg4 d4 18. Nf5 c4 19. f4 Bc5 20. Kh1 dxc3 21. bxc3 f6 22.
Rf3 b4 23. Bb2 bxc3 24. Bxc3 Bd4 25. dxc4 exf4 26. Bb3 Bxc3 27. Rxc3 g6 28.
Nh6+ Kg7 29. Rh3 Qe5 30. Re1 Nd4 31. Qf2 Re8 32. Qh4 Kf8 33. Nf5 gxf5 34. exf5
Ne2 35. Rxe2 Qxe2 36. Qxf6+ Bf7 37. c5 Ra7 38. Qh6+ 1-0

[Event "Groningen Chess Festival 2010 - Open"]
[Site "Groningen NED"]
[Date "2010.12.21"]
[Round "1.16"]
[White "Bok, Benjamin"]
[Black "Herman, Matthew J"]
[Result "0-1"]
[WhiteElo "2458"]
[BlackElo "2149"]
[PlyCount "196"]
[EventDate "2010.12.21"]
[EventType "swiss"]
[EventRounds "9"]
[EventCountry "NED"]
[Source "lmi"]
[SourceDate "2010.12.21"]

1. e4 c5 2. Nf3 d6 3. d4 cxd4 4. Nxd4 Nf6 5. Nc3 a6 6. a4 e5 7. Nf3 Qc7 8. Bg5
Nbd7 9. Nd2 h6 10. Bh4 g5 11. Bg3 Nc5 12. h4 g4 13. h5 Be6 14. Bh4 Ncd7 15. g3
Rc8 16. Bg2 Qb6 17. Rb1 Qd4 18. Qe2 Nxh5 19. Nf1 Qb4 20. Qd2 Nb6 21. Ne3 Nc4
22. Nxc4 Qxc4 23. Bf1 Qb4 24. Bd3 Bg7 25. Kf1 Bf6 26. Kg2 Bxh4 27. Rxh4 Nf6 28.
Rxh6 Rxh6 29. Qxh6 Ke7 30. Qd2 Bd7 31. Qe1 Bxa4 32. Nxa4 Qxa4 33. Qe3 Qb4 34.
c3 Qc5 35. Qe2 Rd8 36. Re1 Qc6 37. c4 a5 38. Rh1 Rg8 39. Rh6 Qb6 40. Rh1 Qd4
41. Bc2 Rc8 42. Bd3 Rc6 43. b3 Rc8 44. Rd1 Qc3 45. Qe3 Qb4 46. Rh1 Rg8 47. Bc2
Qc5 48. Qd2 Rg6 49. Rb1 Nd7 50. Rh1 Rg8 51. Rb1 Nf6 52. Bd3 Qd4 53. Qe2 Ra8 54.
Bc2 b6 55. Rd1 Qc5 56. Rh1 Rg8 57. Bd3 Qd4 58. Bc2 Rc8 59. Bd3 Ra8 60. Bc2 Qc3
61. Bd3 a4 62. bxa4 Rxa4 63. Qe3 Ra3 64. Rd1 Rb3 65. Qg5 Rb2 66. Qe3 Qd4 67.
Qxd4 exd4 68. Kf1 Ke6 69. Ra1 Rd2 70. Ra3 Nd7 71. Ke1 Rb2 72. Be2 Ne5 73. Bd1
f5 74. exf5+ Kxf5 75. f4 gxf3 76. Bxf3 Nxc4 77. Ra8 Ne3 78. Rf8+ Ke6 79. Be2
Nc2+ 80. Kd1 Nb4 81. Re8+ Kd5 82. Kc1 Rc2+ 83. Kd1 Rc3 84. Rb8 Rxg3 85. Rxb6
Na2 86. Kd2 Nc3 87. Bd3 Rg2+ 88. Ke1 Ke5 89. Bf1 Rh2 90. Ra6 d5 91. Rg6 Kf4 92.
Rg8 Ne4 93. Ra8 Ke3 94. Ra5 Rb2 95. Ra1 d3 96. Bxd3 Kxd3 97. Rd1+ Nd2 98. Kf2
Rb1 0-1

[Event "Groningen Chess Festival 2010 - Open"]
[Site "Groningen NED"]
[Date "2010.12.21"]
[Round "1.17"]
[White "Kerigan, Demre"]
[Black "Van Kampen, Robin"]
[Result "0-1"]
[WhiteElo "2149"]
[BlackElo "2454"]
[PlyCount "72"]
[EventDate "2010.12.21"]
[EventType "swiss"]
[EventRounds "9"]
[EventCountry "NED"]
[Source "lmi"]
[SourceDate "2010.12.21"]

1. e4 c5 2. Nf3 d6 3. d4 cxd4 4. Nxd4 Nf6 5. Nc3 a6 6. Bg5 Nbd7 7. Qf3 Qa5 8.
Bd2 Qb6 9. Nb3 e6 10. O-O-O Qc7 11. Bd3 b5 12. a3 Bb7 13. Qg3 Ne5 14. f4 Nc4
15. Be1 g6 16. Qg5 Nd7 17. Bxc4 Be7 18. Qg3 bxc4 19. Nd4 Rb8 20. h4 h5 21. Nxe6
fxe6 22. Qxg6+ Kf8 23. Rf1 Rg8 24. Qh6+ Ke8 25. e5 dxe5 26. Qxh5+ Kd8 27. fxe5
Qb6 28. Qf7 Rf8 29. Qxf8+ Bxf8 30. Rxf8+ Ke7 31. Na4 Qe3+ 32. Bd2 Qxd2+ 33.
Kxd2 Rxf8 34. Re1 Bxg2 35. h5 Rh8 36. Rg1 Bc6 0-1

[Event "Groningen Chess Festival 2010 - Open"]
[Site "Groningen NED"]
[Date "2010.12.21"]
[Round "1.18"]
[White "Grover, Sahaj"]
[Black "Bijlsma, Nick"]
[Result "1-0"]
[WhiteElo "2432"]
[BlackElo "2133"]
[PlyCount "49"]
[EventDate "2010.12.21"]
[EventType "swiss"]
[EventRounds "9"]
[EventCountry "NED"]
[Source "lmi"]
[SourceDate "2010.12.21"]

1. e4 c5 2. Nf3 d6 3. d4 cxd4 4. Nxd4 Nf6 5. Nc3 Nc6 6. Bg5 Bd7 7. Qd2 Rc8 8.
f4 h6 9. Bxf6 gxf6 10. Nf5 Qa5 11. Bd3 e6 12. Ne3 a6 13. O-O Be7 14. a3 b5 15.
Kh1 Qb6 16. Qe2 h5 17. Rae1 Bd8 18. Qf3 Kf8 19. Qh3 Rc7 20. f5 Ne5 21. Ne2 Qb7
22. Nf4 Ke7 23. Qh4 Rh6 24. Nxh5 Kf8 25. Ng4 1-0

[Event "Groningen Chess Festival 2010 - Open"]
[Site "Groningen NED"]
[Date "2010.12.21"]
[Round "1.19"]
[White "Theulings, Paul-Peter"]
[Black "Van Oosterom, Chiel"]
[Result "1/2-1/2"]
[WhiteElo "2132"]
[BlackElo "2426"]
[PlyCount "160"]
[EventDate "2010.12.21"]
[EventType "swiss"]
[EventRounds "9"]
[EventCountry "NED"]
[Source "lmi"]
[SourceDate "2010.12.21"]

1. Nf3 c5 2. c4 Nc6 3. Nc3 e5 4. g3 g6 5. Bg2 Bg7 6. d3 Nge7 7. Nd2 d6 8. Nf1
Rb8 9. Ne3 a6 10. Ned5 Nxd5 11. Nxd5 Be6 12. h4 h5 13. Bg5 f6 14. Bd2 O-O 15.
a3 Ne7 16. Qa4 Nxd5 17. cxd5 Bd7 18. Qa5 Qe7 19. Qb6 Rfc8 20. Rc1 Bf8 21. b4
cxb4 22. Rxc8 Rxc8 23. Qxb7 a5 24. axb4 Qd8 25. O-O Rb8 26. Qa6 axb4 27. Rb1 b3
28. Ba5 Qc8 29. Qxc8 Bxc8 30. Kf1 Rb5 31. Bc3 Bb7 32. e4 Ba6 33. Ke2 Kf7 34.
Bh3 f5 35. f3 Be7 36. Bd2 b2 37. Bc3 f4 38. gxf4 exf4 39. Rxb2 Rxb2+ 40. Bxb2
Bxh4 41. Be6+ Kf8 42. e5 Be7 43. exd6 Bxd6 44. Bf6 Bb5 45. Bg5 Ba4 46. Kd2 Ke8
47. Ke2 Bd7 48. Kf1 Bc7 49. Ke2 Ba4 50. Kd2 Be5 51. Ke2 Bb3 52. Kd2 Kf8 53. Ke2
Kg7 54. Kd2 Bd4 55. Ke2 Be3 56. Ke1 Kf8 57. Ke2 Ke8 58. Ke1 Ba4 59. Ke2 Bb5 60.
Bf6 Bg1 61. Bg5 Bh2 62. Kd2 Bg3 63. Ke2 h4 64. Kf1 Bxd3+ 65. Kg2 Bc4 66. Bf6
Kf8 67. Bg5 Kg7 68. Be7 Kh7 69. Bg5 Kg7 70. Be7 Bb3 71. Bg5 Kf8 72. Bf6 Ba4 73.
d6 Ke8 74. Kh3 Bd7 75. Bxd7+ Kxd7 76. Be7 Ke6 77. Kg4 Be1 78. Kh3 Bb4 79. Bxh4
Bxd6 80. Kg4 Kd5 1/2-1/2

[Event "Groningen Chess Festival 2010 - Open"]
[Site "Groningen NED"]
[Date "2010.12.21"]
[Round "1.20"]
[White "Naroditsky, Daniel"]
[Black "Lampert, Jonas"]
[Result "1-0"]
[WhiteElo "2425"]
[BlackElo "2131"]
[PlyCount "77"]
[EventDate "2010.12.21"]
[EventType "swiss"]
[EventRounds "9"]
[EventCountry "NED"]
[Source "lmi"]
[SourceDate "2010.12.21"]

1. e4 e5 2. Nf3 Nf6 3. Nxe5 d6 4. Nf3 Nxe4 5. Nc3 Nxc3 6. dxc3 Be7 7. Bd3 Bg4
8. Bf4 Nd7 9. h3 Bh5 10. g4 Bg6 11. Bxg6 hxg6 12. Qe2 O-O 13. O-O-O Re8 14. Qc4
Nb6 15. Qd3 Qd7 16. Kb1 Qa4 17. Bc1 Qc4 18. Qxc4 Nxc4 19. Nd4 a6 20. b3 Ne5 21.
f4 Nd7 22. g5 Nc5 23. Bb2 Ne4 24. Rhg1 d5 25. Nf3 c6 26. c4 Bc5 27. Rg2 Be3 28.
cxd5 Nf2 29. Re1 Bc5 30. dxc6 Rxe1+ 31. Nxe1 bxc6 32. Nd3 Nxd3 33. cxd3 Rd8 34.
Rc2 Be3 35. Be5 c5 36. Re2 Rxd3 37. Kc2 c4 38. bxc4 Ra3 39. Bb2 1-0

[Event "Groningen Chess Festival 2010 - Open"]
[Site "Groningen NED"]
[Date "2010.12.21"]
[Round "1.21"]
[White "Van Overdam, Julian"]
[Black "Ashwin, Jayaram"]
[Result "0-1"]
[WhiteElo "2122"]
[BlackElo "2420"]
[PlyCount "62"]
[EventDate "2010.12.21"]
[EventType "swiss"]
[EventRounds "9"]
[EventCountry "NED"]
[Source "lmi"]
[SourceDate "2010.12.21"]

1. e4 c5 2. Nc3 e6 3. f4 Nc6 4. Nf3 d5 5. Bb5 Nge7 6. exd5 exd5 7. Qe2 Qd6 8.
d4 c4 9. b3 Bg4 10. bxc4 O-O-O 11. Bxc6 Nxc6 12. cxd5 Qb4 13. Bd2 Nxd4 14. Qd3
Bc5 15. Rb1 Rhe8+ 16. Kf1 Bf5 17. Rxb4 Bxd3+ 18. cxd3 Nxf3 19. Rb2 Ba3 20. Rc2
Nd4 21. Rc1 Bxc1 22. Bxc1 Nc2 23. Kf2 Nb4 24. Ba3 Nxd5 25. Nb5 Nxf4 26. Nd6+
Rxd6 27. Bxd6 Nxd3+ 28. Kf3 Re1 29. Rxe1 Nxe1+ 30. Ke2 Nxg2 31. Bg3 g5 0-1

[Event "Groningen Chess Festival 2010 - Open"]
[Site "Groningen NED"]
[Date "2010.12.21"]
[Round "1.22"]
[White "Poetsch, Hagen"]
[Black "Dehn, Marcus"]
[Result "1-0"]
[WhiteElo "2408"]
[BlackElo "2115"]
[PlyCount "49"]
[EventDate "2010.12.21"]
[EventType "swiss"]
[EventRounds "9"]
[EventCountry "NED"]
[Source "lmi"]
[SourceDate "2010.12.21"]

1. e4 g6 2. d4 Bg7 3. c4 c6 4. Nc3 d6 5. Nf3 Bg4 6. Be2 Nd7 7. Be3 Bh6 8. Bxh6
Nxh6 9. Qd2 Ng8 10. O-O e5 11. Rad1 Bxf3 12. Bxf3 Qe7 13. Bg4 Ndf6 14. Bh3 h5
15. f4 Ng4 16. fxe5 dxe5 17. Bxg4 hxg4 18. dxe5 Rh5 19. Qf4 Nh6 20. e6 Qxe6 21.
e5 Rd8 22. Ne4 Rxd1 23. Nf6+ Kf8 24. Rxd1 Rh4 25. Qg5 1-0

[Event "Groningen Chess Festival 2010 - Open"]
[Site "Groningen NED"]
[Date "2010.12.21"]
[Round "1.23"]
[White "Knol, Geon"]
[Black "De Jong, Migchiel"]
[Result "0-1"]
[WhiteElo "2097"]
[BlackElo "2406"]
[PlyCount "122"]
[EventDate "2010.12.21"]
[EventType "swiss"]
[EventRounds "9"]
[EventCountry "NED"]
[Source "lmi"]
[SourceDate "2010.12.21"]

1. e4 e6 2. d4 d5 3. Bd3 c5 4. c3 dxe4 5. Bxe4 Nf6 6. Bf3 Nc6 7. Ne2 cxd4 8.
cxd4 Be7 9. Nbc3 O-O 10. O-O Qb6 11. Be3 Qxb2 12. Rb1 Qa3 13. Nb5 Qa5 14. Bf4
Bd7 15. Nc7 Rad8 16. Rxb7 e5 17. Bd2 Qa3 18. Rb3 Qd6 19. Nb5 Qe6 20. Nc7 Qf5
21. d5 Nb8 22. Ng3 Qg6 23. Qb1 Bd6 24. Nb5 Bxb5 25. Rxb5 Rfe8 26. Ne4 Nxe4 27.
Bxe4 Qh5 28. Ba5 Rc8 29. Bb4 Bxb4 30. Rxb4 Nd7 31. Bf5 Rcd8 32. Bxd7 Rxd7 33.
Rb8 f6 34. Qb3 h6 35. h3 Rxb8 36. Qxb8+ Kh7 37. Qb1+ Qg6 38. Qb5 Rd6 39. Qc5 f5
40. a4 e4 41. Qxa7 Rxd5 42. Qc7 Rd3 43. Kh1 Ra3 44. Qc4 Qd6 45. Qc2 Qa6 46. Qb1
Qxa4 47. f3 Rb3 48. Qc2 Qb5 49. Re1 exf3 50. g4 f2 51. Qxf2 Rxh3+ 52. Kg2 fxg4
53. Re4 Qd5 54. Qd4 Qa2+ 55. Kg1 Qh2+ 56. Kf1 Qh1+ 57. Ke2 Qf3+ 58. Kd2 Rh2+
59. Kc1 Qa3+ 60. Kd1 Qb3+ 61. Kc1 Qc2# 0-1

[Event "Groningen Chess Festival 2010 - Open"]
[Site "Groningen NED"]
[Date "2010.12.21"]
[Round "1.24"]
[White "Feuerstack, Aljoscha"]
[Black "Sparenberg, Erik"]
[Result "1/2-1/2"]
[WhiteElo "2404"]
[BlackElo "2095"]
[PlyCount "47"]
[EventDate "2010.12.21"]
[EventType "swiss"]
[EventRounds "9"]
[EventCountry "NED"]
[Source "lmi"]
[SourceDate "2010.12.21"]

1. e4 e5 2. Nf3 Nc6 3. d4 exd4 4. Nxd4 Nf6 5. Nxc6 bxc6 6. e5 Qe7 7. Qe2 Nd5 8.
c4 Ba6 9. b3 O-O-O 10. g3 g5 11. Bb2 Bg7 12. Nd2 Nb6 13. O-O-O d5 14. f4 Kb8
15. Nf3 gxf4 16. Nd4 Qd7 17. gxf4 c5 18. Nc2 Qf5 19. Qe3 Bh6 20. Qxc5 dxc4 21.
Be2 Bxf4+ 22. Kb1 f6 23. bxc4 Bxe5 24. Rhf1 1/2-1/2